| 000 | 00484nam a22001817a 4500 | ||
|---|---|---|---|
| 999 |
_c525915 _d525915 |
||
| 003 | NUST | ||
| 020 | _qHB/K | ||
| 038 | _aFaiza | ||
| 082 |
_a954 _bZAH |
||
| 100 |
_aZahid, Rana _916861 |
||
| 245 |
_aMela Sabir Piada / _cRana Zahid |
||
| 260 |
_aLahore : _bBook Home, _c2008. |
||
| 300 | _a144 p. ; | ||
| 880 |
_6100-01\r _aرانا زاہد |
||
| 880 |
_6245-02\r _aمیلہ صابر پیادا / |
||
| 880 |
_6260-03\r _aلاہور : _bبُک ہوم, _c۲۰۰۸. |
||
| 942 |
_2ddc _cBK |
||